000 00303nam a2200145Ia 4500
008 210210b xxu||||| |||| 00| 0 eng d
041 _aeng
082 _a822/11
100 _aADDISON (J)
245 _aSpectator
260 _a
_b-
_c
650 _aSpectator
690 _aEnglish Prose
906 _a012197
999 _c130971
_d130971